000
00313nam a22001337a 4500
008
181218b xxu||||| |||| 00| 0 eng d
020
_a
9780130183804
041
_a
eng
080
_a
710
100
_a
45
101
_a
ARK
245
_a
Tcp Ip Principles Protocols Architecture
_c
Comer.D.E
942
_2
udc
_c
BK
999
_c
53418
_d
53418